[Event "ECU Clasif1 U13"]
[Site "Chess.com INT"]
[Date "2020.12.17"]
[Round "6"]
[White "Vasquez Zambrano, Luis Fabricio"]
[Black "Guzman, Diego"]
[Result "0-1"]
[WhiteElo "1414"]
[BlackElo "1774"]
[PlyCount "137"]
[EventDate "2020.12.17"]
[EventType "swiss"]
[EventRounds "9"]
[EventCountry "ECU"]
[SourceTitle "EXT 2022"]
[Source "ChessBase"]
[SourceDate "2021.10.06"]
[SourceVersion "1"]
[SourceVersionDate "2021.10.06"]
[SourceQuality "1"]

1. e4 c5 2. Nf3 e6 3. d4 cxd4 4. Nxd4 Nc6 5. Nc3 a6 6. Be3 Qc7 7. Bc4 Nf6 8. Bb3 Bb4 9. f3 0-0 10. 0-0 b5 11. Nce2 Bb7 12. c3 Be7 13. Nxc6 dxc6 14. Qc2 c5 15. a3 c4 16. Ba2 Bc5 17. Qc1 Qb6 18. Bf2 Bxf2+ 19. Rxf2 Bxe4 20. fxe4 Nxe4 21. Qf4 Qxf2+ 22. Qxf2 Nxf2 23. Kxf2 Rad8 24. Ke1 e5 25. Bb1 g6 26. g4 Kg7 27. Ng3 Rfe8 28. Be4 Rd6 29. Rd1 Rxd1+ 30. Kxd1 Rd8+ 31. Ke2 Rd6 32. Bb7 h6 33. Ne4 Rb6 34. Nc5 f5 35. gxf5 gxf5 36. Bf3 e4 37. Bh5 Rd6 38. Be8 Kf6 39. Bh5 Ke5 40. Nb7 Rd7 41. Nc5 Rd6 42. Nb7 Rd3 43. Nc5 Rh3 44. Be8 Rxh2+ 45. Kd1 Rxb2 46. Nxa6 Rb3 47. Nb4 Rxc3 48. Bxb5 Rxa3 49. Bxc4 Ra4 50. Nc6+ Kf4 51. Bb3 Ra1+ 52. Ke2 Rh1 53. Ne7 h5 54. Nd5+ Ke5 55. Ne7 f4 56. Ng6+ Kf5 57. Ne7+ Kg4 58. Be6+ Kg3 59. Nf5+ Kg2 60. Bd5 f3+ 61. Ke3 Re1+ 62. Kf4 f2 63. Bxe4+ Rxe4+ 64. Kxe4 Kg1 65. Ne3 h4 66. Kf3 h3 67. Nd1 f1Q+ 68. Kg3 Qxd1 69. Kxh3 0-1

[Event "Paraguay Gran Prix U2300 07"]
[Site "Paraguay"]
[Date "2013.07.29"]
[Round "9.4"]
[White "Guzman, Diego"]
[Black "Benedetti, Claudio"]
[Result "1/2-1/2"]
[WhiteElo "1777"]
[BlackElo "2034"]
[PlyCount "47"]
[EventDate "2013.07.08"]
[EventType "swiss"]
[EventRounds "9"]
[EventCountry "ARG"]
[SourceTitle "EXT 2024"]
[Source "ChessBase"]
[SourceDate "2023.10.10"]
[SourceVersion "1"]
[SourceVersionDate "2023.10.10"]
[SourceQuality "1"]

1. e4 e6 2. d4 d5 3. Nd2 Nf6 4. e5 Nfd7 5. Bd3 c5 6. c3 Nc6 7. Ne2 cxd4 8. cxd4 f6 9. exf6 Nxf6 10. Nf3 Bd6 11. 0-0 Qc7 12. Be3 0-0 13. h3 Bd7 14. Rc1 Be8 15. Nc3 a6 16. Ng5 Qe7 17. f4 h6 18. Nf3 Bh5 19. Be2 Nd7 20. Ne5 Bxe2 21. Qxe2 Bxe5 22. fxe5 Rxf1+ 23. Rxf1 Rf8 24. Qg4 1/2-1/2

[Event "Buenos Aires Duchamp Memorial op 4th"]
[Site "Buenos Aires"]
[Date "2012.10.29"]
[Round "7"]
[White "Guzman, Diego"]
[Black "Paternoste, Martin"]
[Result "0-1"]
[WhiteElo "1772"]
[BlackElo "2065"]
[PlyCount "80"]
[EventDate "2012.10.22"]
[EventType "swiss"]
[EventRounds "9"]
[EventCountry "ARG"]
[SourceTitle "EXT 2013"]
[Source "ChessBase"]
[SourceDate "2012.11.22"]
[SourceVersion "1"]
[SourceVersionDate "2012.11.22"]
[SourceQuality "1"]

1. e4 d6 2. d4 Nf6 3. Nc3 g6 4. Bg5 Bg7 5. e5 dxe5 6. dxe5 Ng4 7. Qxd8+ Kxd8 8. Nd5 Nc6 9. f4 h6 10. Bh4 g5 11. fxg5 Bxe5 12. Nf3 Bxb2 13. Rd1 Bd7 14. Rb1 Be6 15. Rxb2 Bxd5 16. c4 Bxf3 17. gxf3 Nge5 18. Rd2+ Ke8 19. Kf2 Rd8 20. Rxd8+ Kxd8 21. Be2 Ng6 22. Kg3 Nd4 23. Rd1 c5 24. gxh6 Kc7 25. Rd2 Nf5+ 26. Kg4 Nfxh4 27. f4 e6 28. Kg5 Ng2 29. Bh5 N2xf4 30. Bxg6 Nxg6 31. Rf2 Rh7 32. h4 Nxh4 33. Kxh4 Rxh6+ 34. Kg5 Rg6+ 35. Kh5 Rg7 36. Kh6 Rg4 37. Rxf7+ Kc6 38. Kh5 Rxc4 39. Kg5 Rc2 40. a4 Rg2+ 0-1